| Tag |
First Indicator |
Second Indicator |
Subfields |
| LEADER |
00000pam a2200000 a 4500 |
| 001 |
in00000090493 |
| 005 |
20151008063728.0 |
| 008 |
791012s1980 cau b 00000 engm |
| 010 |
|
|
|a 79023827
|
| 020 |
|
|
|a 0803912986
|
| 020 |
|
|
|a 0803912994 (pbk.)
|
| 035 |
|
|
|a (OCoLC)05613460
|
| 035 |
|
|
|9 AAK2818AM
|
| 040 |
|
|
|a DLC
|c DLC
|d m.c.
|d TXA
|d UtOrBLW
|
| 043 |
|
|
|a cl-----
|
| 049 |
|
|
|a TXAM
|c [1196074]
|
| 050 |
0 |
0 |
|a BR600
|b .C46
|
| 082 |
0 |
|
|a 322/.1/098
|
| 245 |
0 |
0 |
|a Churches and politics in Latin America /
|c edited by Daniel H. Levine ; preface by John P. Harrison.
|
| 264 |
|
1 |
|a Beverly Hills :
|b Sage Publications,
|c [1980]
|
| 264 |
|
4 |
|c ©1980
|
| 300 |
|
|
|a 288 pages ;
|c 23 cm.
|
| 336 |
|
|
|a text
|b txt
|2 rdacontent
|
| 337 |
|
|
|a unmediated
|b n
|2 rdamedia
|
| 338 |
|
|
|a volume
|b nc
|2 rdacarrier
|
| 490 |
1 |
|
|a Sage focus editions ;
|v 14
|
| 504 |
|
|
|a Bibliography: pages 281-286.
|
| 650 |
|
0 |
|a Church and state
|z Latin America.
|
| 650 |
|
0 |
|a Christianity and politics.
|
| 610 |
2 |
0 |
|a Catholic Church
|z Latin America
|x History.
|
| 651 |
|
0 |
|a Latin America
|x Politics and government
|y 1948-1980.
|
| 651 |
|
0 |
|a Latin America
|x Church history.
|
| 700 |
1 |
|
|a Levine, Daniel H.
|
| 830 |
|
0 |
|a Sage focus editions ;
|v 14.
|
| 999 |
|
|
|a MARS
|
| 999 |
f |
f |
|s 5570a49c-77aa-3f05-ab16-b9c1d829e1d9
|i bad30549-72b3-3602-8926-099d106c88d1
|t 0
|
| 952 |
f |
f |
|p ric
|a Texas A&M University
|b Rellis Campus
|c Joint Library Facility
|d Remote Storage
|t 0
|e BR600 .C46
|h Library of Congress classification
|i unmediated -- volume
|m A14806090995
|
| 998 |
f |
f |
|a BR600 .C46
|t 0
|l Remote Storage
|